[Event "Intermat"]
[Site "Vancouver CAN"]
[Date "2018.05.05"]
[Round "1.2"]
[White "Yang, Nathan"]
[Black "Jammalamadaka, Vihaan"]
[Result "0-1"]
[WhiteElo "606"]
[BlackElo "1151"]
[PlyCount "56"]
[EventDate "2018.05.05"]
[EventType "team"]
[EventRounds "2"]
[EventCountry "CAN"]

1. f4 c5 2. Nf3 Nc6 3. e4 d6 4. Bc4 Nf6 5. Nc3 g6 6. O-O Bg7 7. e5 dxe5 8. fxe5
Ng4 9. Ng5 Qd4+ 10. Kh1 Nf2+ 11. Rxf2 Qxf2 12. Bxf7+ Kd7 13. Be6+ Kc7 14. Nd5+
Kd8 15. Nf7+ Ke8 16. Nc7+ Kf8 17. d3 Bxe6 18. Nxe6+ Kxf7 19. Ng5+ Kf8 20. Nh3
Qd4 21. Qf3+ Ke8 22. e6 Ne5 23. Qxb7 Rd8 24. Qb5+ Kf8 25. Bd2 Ng4 26. Rf1+ Bf6
27. Bg5 Qd6 28. Bxf6 Qxh2# 0-1

[Event "Intermat"]
[Site "Vancouver CAN"]
[Date "2018.05.05"]
[Round "1.3"]
[White "Gao, Justin"]
[Black "Shi, Ted"]
[Result "1-0"]
[WhiteElo "829"]
[BlackElo "1466"]
[PlyCount "151"]
[EventDate "2018.05.05"]
[EventType "team"]
[EventRounds "2"]
[EventCountry "CAN"]

1. e4 c5 2. Nf3 d6 3. Bc4 Nf6 4. Nc3 g6 5. O-O Bg7 6. d4 cxd4 7. Nxd4 O-O 8.
Be3 Bd7 9. Re1 a6 10. Qd2 Nc6 11. Nxc6 Bxc6 12. Bh6 b5 13. Bb3 b4 14. Ne2 Nxe4
15. Qe3 Nf6 16. Bxg7 Kxg7 17. Nd4 Bd7 18. Qxe7 Qxe7 19. Rxe7 Rae8 20. Rae1 Ng8
21. Rxe8 Rxe8 22. Rxe8 Bxe8 23. a3 bxa3 24. bxa3 Kf6 25. Kf1 Ke5 26. c3 Nf6 27.
Ke2 d5 28. g3 h6 29. f4+ Kd6 30. c4 Kc5 31. Kd3 dxc4+ 32. Bxc4 Nd5 33. Bb3 Bd7
34. Ke4 Nf6+ 35. Kd3 Nd5 36. Ke4 Nf6+ 37. Kd3 Be8 38. Kc3 Ne4+ 39. Kd3 f5 40.
Ne6+ Kd6 41. Nd4 Nf2+ 42. Ke2 Kc5 43. Ne6+ Kd6 44. Ng7 Bb5+ 45. Kxf2 Ke7 46.
Ne6 Bd7 47. Nc7 Bc8 48. Bc4 a5 49. Nd5+ Kd6 50. Ke3 Be6 51. Kd4 g5 52. Nb6 Bxc4
53. Nxc4+ Kc6 54. Nxa5+ Kb5 55. Nc4 Ka4 56. Nd6 Kxa3 57. Nxf5 gxf4 58. gxf4 h5
59. h4 Kb4 60. Ng7 Kb5 61. Nxh5 Kc6 62. Ke5 Kd7 63. Kf6 Ke8 64. Kg7 Ke7 65. f5
Kd6 66. f6 Kd5 67. f7 Kd4 68. f8=Q Ke4 69. Qf4+ Kd5 70. Qe3 Kc4 71. Qd2 Kb3 72.
Qc1 Ka4 73. Qb2 Ka5 74. Kf6 Ka6 75. Ke6 Ka7 76. Kd7 1-0

[Event "Intermat"]
[Site "Vancouver CAN"]
[Date "2018.05.05"]
[Round "1.4"]
[White "Jiang, William"]
[Black "Chinni, Rishabh"]
[Result "0-1"]
[WhiteElo "767"]
[BlackElo "1261"]
[PlyCount "146"]
[EventDate "2018.05.05"]
[EventType "team"]
[EventRounds "2"]
[EventCountry "CAN"]

1. e4 e5 2. Nf3 Nc6 3. Bb5 d6 4. d4 Bd7 5. dxe5 dxe5 6. Bxc6 Bxc6 7. Qxd8+ Rxd8
8. Nxe5 Bxe4 9. O-O Nf6 10. Re1 Be7 11. f3 Bxc2 12. Ng4 Nxg4 13. fxg4 Rd1 14.
Bd2 Rxe1+ 15. Bxe1 Bc5+ 16. Bf2 Bxf2+ 17. Kxf2 O-O 18. Nc3 f5 19. Rc1 fxg4+ 20.
Ke3 Bg6 21. Nd5 Re8+ 22. Kf4 Re4+ 23. Kg3 c6 24. Nf4 Bf5 25. Rc5 Bc8 26. Nd5
Re5 27. Kf4 Rxd5 28. Rxd5 cxd5 29. Ke5 h5 30. Kxd5 g5 31. Kd6 h4 32. g3 Kh7 33.
Kc7 Bf5 34. Kxb7 a5 35. Kb6 Be6 36. Kxa5 Bxa2 37. b4 Bd5 38. Kb5 Kg6 39. Kc5
Ba8 40. Kd4 Kf5 41. Ke3 Bb7 42. b5 Bc8 43. b6 Bb7 44. Kd4 h3 45. Kd3 Ke5 46.
Ke3 Kd5 47. Kd3 Kc6 48. Ke4 Bc8 49. Ke5 Kxb6 50. Kf6 Kc5 51. Kxg5 Kd4 52. Kf4
Kd3 53. Ke5 Ke3 54. Kd5 Kf2 55. Ke4 Kg2 56. Ke3 Kxh2 57. Kf2 Bf5 58. Kf1 Kxg3
59. Kg1 h2+ 60. Kf1 h1=Q+ 61. Ke2 Qe4+ 62. Kf1 Qb1+ 63. Ke2 Bd3+ 64. Kd2 Qc2+
65. Ke3 Qf2+ 66. Kxd3 Kh2 67. Ke4 g3 68. Ke5 g2 69. Kd6 g1=R 70. Kc6 Rd1 71.
Kb7 Qc2 72. Kb8 Rb1+ 73. Ka8 Qa2# 0-1

[Event "Intermat"]
[Site "Vancouver CAN"]
[Date "2018.05.05"]
[Round "1.5"]
[White "Boroomand, Arya"]
[Black "Song, Kevin"]
[Result "0-1"]
[WhiteElo "1019"]
[BlackElo "1615"]
[PlyCount "92"]
[EventDate "2018.05.05"]
[EventType "team"]
[EventRounds "2"]
[EventCountry "CAN"]

1. e4 d6 2. c3 Nf6 3. d3 e5 4. f4 Nc6 5. Nf3 Be7 6. d4 exd4 7. cxd4 d5 8. e5
Ne4 9. Nc3 Bf5 10. Rg1 h5 11. Nxe4 Bxe4 12. Bd3 Bxf3 13. Qxf3 Nxd4 14. Qf2 Nc6
15. Bd2 Qd7 16. Bb5 a6 17. Bxc6 Qxc6 18. Rc1 Qd7 19. f5 Qd8 20. Rf1 f6 21. e6
Bd6 22. Bf4 Bb4+ 23. Bd2 Bxd2+ 24. Qxd2 c6 25. h4 Qd6 26. Qc3 Rc8 27. a4 c5 28.
b4 c4 29. Rd1 Ke7 30. Rf2 Rhd8 31. Rfd2 Qc6 32. b5 axb5 33. Qb4+ Qc5 34. Qb2 c3
35. Rxd5 Rxd5 36. Qc2 Rcd8 37. Rb1 Re5+ 38. Kf1 Qc4+ 39. Kg1 Re2 40. Qc1 c2 41.
Qa3+ b4 42. Rxb4 c1=Q+ 43. Qxc1 Qxc1+ 44. Kh2 Qc7+ 45. Kh3 Rd3+ 46. g3 Qxg3#
0-1

[Event "Intermat"]
[Site "Vancouver CAN"]
[Date "2018.05.05"]
[Round "1.6"]
[White "Pompas, Codrin"]
[Black "O'Brien, Hansol"]
[Result "0-1"]
[WhiteElo "896"]
[BlackElo "1456"]
[PlyCount "90"]
[EventDate "2018.05.05"]
[EventType "team"]
[EventRounds "2"]
[EventCountry "CAN"]

1. d4 d5 2. c4 c6 3. Nc3 Nf6 4. Bg5 e6 5. e3 Nbd7 6. Nf3 Be7 7. Qb3 Qc7 8. Bf4
Qb6 9. Qc2 h6 10. Qd2 O-O 11. Bd3 Qd8 12. Bb1 dxc4 13. Qc2 Re8 14. Be5 Kf8 15.
Bxf6 Nxf6 16. Ne4 Bb4+ 17. Nfd2 Nxe4 18. Qxe4 f5 19. Qc2 b5 20. a3 Ba5 21. b4
Bb6 22. a4 Qd5 23. O-O Bb7 24. e4 Qxd4 25. Ba2 Red8 26. Rad1 Qd3 27. Qb2 c3 28.
Bb1 cxb2 29. Bxd3 Rxd3 30. Nb1 fxe4 31. Rde1 c5 32. bxc5 Bxc5 33. axb5 a6 34.
bxa6 Bxa6 35. Rxe4 Rd4 36. Rfe1 Rxe4 37. Rxe4 Bd3 38. Re1 Ra1 39. h3 Bd6 40. f3
Bc5+ 41. Kh2 Rxb1 42. Rxb1 Bxb1 43. Kg3 Bh7 44. Kf4 b1=Q 45. Ke5 Qf5# 0-1

[Event "Intermat"]
[Site "Vancouver CAN"]
[Date "2018.05.05"]
[Round "1.7"]
[White "Song, Ethan"]
[Black "Velea, Sophie"]
[Result "0-1"]
[WhiteElo "1426"]
[BlackElo "1797"]
[PlyCount "114"]
[EventDate "2018.05.05"]
[EventType "team"]
[EventRounds "2"]
[EventCountry "CAN"]

1. e4 c5 2. Nf3 d6 3. d4 cxd4 4. Nxd4 Nf6 5. Nc3 g6 6. f3 Bg7 7. Be3 O-O 8. Qd2
Nc6 9. O-O-O Nxd4 10. Bxd4 Be6 11. g4 Qa5 12. a3 Rab8 13. Nb1 Qc7 14. Nc3 a6
15. h4 b5 16. h5 Qa5 17. hxg6 fxg6 18. g5 Nh5 19. Bxg7 Nxg7 20. Nd5 Qxd2+ 21.
Rxd2 Bxd5 22. Rxd5 Rxf3 23. Kd2 Rbf8 24. Be2 Rf2 25. Ke3 Ne6 26. Rd2 R2f4 27.
Rd5 Nc5 28. Bd3 Nxd3 29. cxd3 Rf3+ 30. Kd4 Rd8 31. Kc3 Rc8+ 32. Kb3 Rc5 33.
Rxc5 dxc5 34. Kc2 Rg3 35. Kd2 Rxg5 36. Rh2 h5 37. Ke3 Rg3+ 38. Ke2 Kg7 39. Rh4
Rg4 40. Rh2 h4 41. Rh3 g5 42. Kf2 Kf6 43. Rf3+ Rf4 44. Rxf4+ gxf4 45. Kg2 Kg5
46. b4 c4 47. dxc4 bxc4 48. a4 c3 49. b5 c2 50. b6 c1=Q 51. b7 Qb2+ 52. Kf3
Qxb7 53. a5 Qb3+ 54. Kg2 Qg3+ 55. Kf1 f3 56. e5 Qg2+ 57. Ke1 Qe2# 0-1

[Event "Intermat"]
[Site "Vancouver CAN"]
[Date "2018.05.05"]
[Round "1.8"]
[White "Yang, Jingyun (Ryan)"]
[Black "Eswar, Ritesh"]
[Result "1-0"]
[WhiteElo "1340"]
[BlackElo "1546"]
[PlyCount "81"]
[EventDate "2018.05.05"]
[EventType "team"]
[EventRounds "2"]
[EventCountry "CAN"]

1. e4 c5 2. Nf3 Nc6 3. Be2 e6 4. O-O d5 5. exd5 exd5 6. d4 Nf6 7. Re1 cxd4 8.
Nxd4 Be7 9. Nxc6 bxc6 10. Bf4 O-O 11. Nd2 Bf5 12. Nf3 Ne4 13. Nd4 Bg6 14. Nxc6
Qd7 15. Qxd5 Qb7 16. Ba6 Qxa6 17. Nxe7+ Kh8 18. Nxg6+ fxg6 19. Qxe4 Qf6 20. Bg3
Qxb2 21. Rab1 Qf6 22. f3 a6 23. Be5 Qf7 24. Rb7 Qf5 25. Bxg7+ Kg8 26. Bxf8 Rxf8
27. Qxf5 gxf5 28. Ree7 Rd8 29. Rg7+ Kf8 30. Rxh7 Kg8 31. Rbg7+ Kf8 32. Rd7 Re8
33. Kf2 f4 34. c4 a5 35. h4 Kg8 36. h5 a4 37. h6 a3 38. Rhg7+ Kh8 39. Rh7+ Kg8
40. Rdg7+ Kf8 41. Rh8# 1-0

[Event "Intermat"]
[Site "Vancouver CAN"]
[Date "2018.05.05"]
[Round "1.9"]
[White "Wang, Daniel"]
[Black "Gross, Alexander"]
[Result "1-0"]
[WhiteElo "1575"]
[BlackElo "1845"]
[PlyCount "75"]
[EventDate "2018.05.05"]
[EventType "team"]
[EventRounds "2"]
[EventCountry "CAN"]

1. e4 e5 2. Nf3 Nc6 3. d4 exd4 4. Bc4 Bc5 5. c3 dxc3 6. Bxf7+ Kxf7 7. Qd5+ Kf8
8. Qxc5+ d6 9. Qxc3 Nf6 10. Nbd2 Bg4 11. O-O Qe7 12. Re1 Bxf3 13. Nxf3 h6 14.
e5 dxe5 15. Nxe5 Nxe5 16. Rxe5 Qd7 17. b3 Kg8 18. Ba3 Re8 19. Rae1 Rxe5 20.
Rxe5 Qd1+ 21. Re1 Nd5 22. Qxg7+ Kxg7 23. Rxd1 c6 24. Bb2+ Nf6 25. Rd6 Rf8 26.
f3 h5 27. g4 Kg6 28. h4 hxg4 29. fxg4 a6 30. g5 Kh5 31. Rxf6 Rd8 32. g6 Rg8 33.
Kf2 Rxg6 34. Rxg6 Kxg6 35. Ke3 c5 36. Kd3 Kh5 37. Bf6 a5 38. a4 1-0

[Event "Intermat"]
[Site "Vancouver CAN"]
[Date "2018.05.05"]
[Round "1.10"]
[White "Wu, Nathan"]
[Black "Li, Albert"]
[Result "1-0"]
[WhiteElo "1518"]
[BlackElo "1662"]
[PlyCount "91"]
[EventDate "2018.05.05"]
[EventType "team"]
[EventRounds "2"]
[EventCountry "CAN"]

1. d4 d5 2. Bf4 Nf6 3. e3 Bf5 4. Nf3 e6 5. c4 c6 6. Nc3 Nbd7 7. Be2 Be7 8. h3
h6 9. c5 O-O 10. O-O Re8 11. Bd3 Bxd3 12. Qxd3 Bf8 13. b4 b6 14. a3 Rc8 15.
Rfc1 Kh8 16. Qc2 Nh7 17. Qa4 a5 18. Qc2 f6 19. Re1 e5 20. Bg3 e4 21. Nd2 f5 22.
Nb3 axb4 23. axb4 Ra8 24. Rxa8 Qxa8 25. Ra1 Qb7 26. Qa2 Nhf6 27. Qa7 Qxa7 28.
Rxa7 bxc5 29. bxc5 g5 30. Na5 Rc8 31. Ra6 Nb8 32. Bxb8 Rxb8 33. Rxc6 Bg7 34.
Rd6 Ra8 35. Nb7 Ra1+ 36. Kh2 Ra7 37. c6 Ne8 38. Rd8 Kg8 39. c7 Kf7 40. Rxe8
Kxe8 41. c8=Q+ Ke7 42. Nxd5+ Kf7 43. Nd6+ Kg6 44. Qxf5+ Kh5 45. Nf4+ Kh4 46.
g3# 1-0

[Event "Intermat"]
[Site "Vancouver CAN"]
[Date "2018.05.05"]
[Round "1.11"]
[White "Xu, Andrew"]
[Black "Velea, Stephanie"]
[Result "1-0"]
[WhiteElo "1554"]
[BlackElo "1764"]
[PlyCount "91"]
[EventDate "2018.05.05"]
[EventType "team"]
[EventRounds "2"]
[EventCountry "CAN"]

1. e4 c5 2. Nf3 d6 3. Bb5+ Bd7 4. Bxd7+ Nxd7 5. O-O Ngf6 6. Re1 e6 7. c4 Be7 8.
Nc3 O-O 9. d4 Rc8 10. b3 Qb6 11. e5 Ne8 12. d5 dxe5 13. Nxe5 Nxe5 14. Rxe5 Bf6
15. Re3 Rd8 16. Bb2 Nc7 17. Na4 Qd6 18. Bxf6 gxf6 19. Qh5 Qf4 20. Rg3+ Kh8 21.
Rh3 Qe4 22. Nxc5 Qc2 23. Qh6 Ne8 24. Rc1 Qg6 25. Qxf8+ Qg8 26. Qxg8+ Kxg8 27.
dxe6 fxe6 28. Rd3 Rc8 29. Nxe6 Rc6 30. Nf4 Nc7 31. h3 h6 32. Nd5 Nxd5 33. Rxd5
Re6 34. c5 Re2 35. Rd7 Rxa2 36. Rxb7 Rd2 37. c6 Rd8 38. c7 Rc8 39. Rb8 Rxb8 40.
cxb8=Q+ Kg7 41. h4 h5 42. f4 Kg6 43. Rc5 a5 44. f5+ Kg7 45. Rc7+ Kh6 46. Qh8#
1-0

[Event "Intermat"]
[Site "Vancouver CAN"]
[Date "2018.05.05"]
[Round "1.12"]
[White "Jiang, Kate"]
[Black "Wu, Dylan"]
[Result "1-0"]
[WhiteElo "1483"]
[BlackElo "1677"]
[PlyCount "85"]
[EventDate "2018.05.05"]
[EventType "team"]
[EventRounds "2"]
[EventCountry "CAN"]

1. e4 e6 2. d4 d5 3. Nc3 Nf6 4. Bg5 dxe4 5. Nxe4 Be7 6. Nxf6+ Bxf6 7. Bxf6 Qxf6
8. Nf3 Nc6 9. Bb5 O-O 10. Bxc6 bxc6 11. O-O Rd8 12. Qe2 Rb8 13. c3 Qe7 14. Ne5
Bb7 15. Rad1 c5 16. dxc5 Qxc5 17. h3 Rd5 18. Rxd5 Qxd5 19. f4 Qc5+ 20. Kh1 Bc6
21. Rd1 Qb5 22. c4 Qb7 23. Rd3 Be4 24. Rb3 Bxg2+ 25. Qxg2 Qxg2+ 26. Kxg2 Rxb3
27. axb3 Kf8 28. Nc6 a6 29. Nb4 Ke7 30. Nxa6 Kd6 31. Kf3 Kc6 32. b4 Kb6 33. Nc5
c6 34. Ke4 Kc7 35. Ke5 h6 36. Nxe6+ fxe6 37. Kxe6 Kb6 38. Kf7 g5 39. fxg5 hxg5
40. Kg6 c5 41. bxc5+ Kxc5 42. b3 Kb4 43. Kxg5 1-0

[Event "Intermat"]
[Site "Vancouver CAN"]
[Date "2018.05.05"]
[Round "1.13"]
[White "Zhou, Aiden"]
[Black "Qian, Daniel"]
[Result "1/2-1/2"]
[WhiteElo "2030"]
[BlackElo "1800"]
[PlyCount "59"]
[EventDate "2018.05.05"]
[EventType "team"]
[EventRounds "2"]
[EventCountry "CAN"]

1. d4 d5 2. Bf4 c5 3. e3 Nc6 4. Nc3 e6 5. Nb5 e5 6. dxe5 a6 7. Nc3 Be6 8. Nf3
b5 9. Be2 b4 10. Nb1 Nge7 11. h4 g6 12. h5 h6 13. Nbd2 g5 14. Nxg5 hxg5 15.
Bxg5 Bh6 16. Bf6 Rg8 17. g4 Qd7 18. Rg1 Bg5 19. Bxg5 Rxg5 20. f4 Rg8 21. Nb3
Qa7 22. Rh1 c4 23. Nd4 Nxd4 24. exd4 O-O-O 25. f5 Bd7 26. c3 bxc3 27. bxc3 Nxf5
28. gxf5 Bxf5 29. Qa4 Qb6 30. Qb4 1/2-1/2

[Event "Intermat"]
[Site "Vancouver CAN"]
[Date "2018.05.05"]
[Round "1.14"]
[White "Gu, Chuyang"]
[Black "Gao, Jaden"]
[Result "1-0"]
[WhiteElo "1862"]
[BlackElo "1738"]
[PlyCount "79"]
[EventDate "2018.05.05"]
[EventType "team"]
[EventRounds "2"]
[EventCountry "CAN"]

1. e4 e5 2. Nf3 Nc6 3. Bb5 a6 4. Ba4 Bc5 5. O-O d6 6. c3 Bg4 7. d3 Nge7 8. Nbd2
O-O 9. Re1 b5 10. Bb3 a5 11. a4 b4 12. h3 Bh5 13. Nf1 Qb8 14. g4 Bg6 15. d4 Ba7
16. Ng3 bxc3 17. bxc3 exd4 18. Rb1 Bb6 19. cxd4 Qa7 20. Nf5 Bxf5 21. exf5 Rfe8
22. Bb2 Nb4 23. Qd2 c5 24. d5 Rac8 25. Bc4 Rb8 26. f6 Ng6 27. fxg7 Ne5 28. Nxe5
dxe5 29. Bxe5 Rbd8 30. Rbd1 Bc7 31. d6 Qb6 32. Qf4 Rd7 33. dxc7 Rde7 34. Rd8
Rxd8 35. cxd8=Q+ Qxd8 36. Rc1 Qe8 37. Bd6 Re4 38. Bxf7+ Qxf7 39. Qxe4 Kxg7 40.
Qe7 1-0

[Event "Intermat"]
[Site "Vancouver CAN"]
[Date "2018.05.05"]
[Round "1.15"]
[White "Tian, Sherry"]
[Black "Velea, Anne Marie"]
[Result "1/2-1/2"]
[WhiteElo "2028"]
[BlackElo "2009"]
[PlyCount "62"]
[EventDate "2018.05.05"]
[EventType "team"]
[EventRounds "2"]
[EventCountry "CAN"]

1. d4 d5 2. c4 e6 3. Nc3 Nf6 4. Bg5 Be7 5. e3 O-O 6. Bd3 h6 7. Bh4 b6 8. Nf3
Bb7 9. O-O Nbd7 10. cxd5 Nxd5 11. Bxe7 Qxe7 12. Rc1 c5 13. Nxd5 Bxd5 14. dxc5
Nxc5 15. Bc4 Rfd8 16. Bxd5 Rxd5 17. Qe2 Rad8 18. Nd4 Qb7 19. b4 Ne4 20. Qc2 Nf6
21. Qb2 Rg5 22. f3 Nd5 23. Qb3 Rc8 24. b5 Ne7 25. Qb4 Rgc5 26. Nb3 Rxc1 27.
Rxc1 Rxc1+ 28. Nxc1 Nd5 29. Qb3 Qc7 30. Ne2 Qc5 31. Kf2 e5 1/2-1/2

[Event "Intermat"]
[Site "Vancouver CAN"]
[Date "2018.05.05"]
[Round "1.16"]
[White "Doknjas, Neil"]
[Black "Tien, Sophie"]
[Result "0-1"]
[WhiteElo "1917"]
[BlackElo "1770"]
[PlyCount "110"]
[EventDate "2018.05.05"]
[EventType "team"]
[EventRounds "2"]
[EventCountry "CAN"]

1. e4 e5 2. Nf3 Nc6 3. d4 exd4 4. Nxd4 Bc5 5. Be3 Qf6 6. c3 Nge7 7. Bc4 Ne5 8.
Be2 Qg6 9. O-O d6 10. Nb5 Bh3 11. Bf3 O-O 12. Bxc5 dxc5 13. Nxc7 Rad8 14. Qe2
Rd3 15. Kh1 Rxf3 16. gxh3 Qh6 17. Nd2 Rxh3 18. f3 N7g6 19. Nd5 Nf4 20. Nxf4
Qxf4 21. Rf2 f5 22. exf5 Qxf5 23. Raf1 Kh8 24. Re1 Nd3 25. Rg2 Nxe1 26. Qxe1
Rh6 27. Qe7 Qf7 28. Qxc5 b6 29. Qd4 Rg6 30. Rf2 Qxa2 31. c4 Qa5 32. Rf1 Qg5 33.
Qf2 Re6 34. f4 Qg4 35. Qd4 Qf5 36. Rg1 Qf6 37. Qd7 Re7 38. Qg4 Qxf4 39. Rf1 Qb8
40. Nf3 Ref7 41. Kg2 Qb7 42. h4 Rf4 43. Qh5 Qe4 44. b3 Rg4+ 45. Kh2 Rxf3 46.
Rxf3 Rxh4+ 47. Kg3 Qe1+ 48. Kg2 Qe2+ 49. Kg1 Qe1+ 50. Kg2 Qh1+ 51. Kf2 Rh2+ 52.
Ke3 Qe1+ 53. Kd4 Qd1+ 54. Ke3 Qxf3+ 55. Kxf3 Rxh5 0-1

[Event "Intermat"]
[Site "Vancouver CAN"]
[Date "2018.05.05"]
[Round "1.17"]
[White "Hemstapat, Andrew"]
[Black "Brown, Northern"]
[Result "1-0"]
[WhiteElo "2242"]
[BlackElo "1772"]
[PlyCount "99"]
[EventDate "2018.05.05"]
[EventType "team"]
[EventRounds "2"]
[EventCountry "CAN"]

1. e4 e5 2. Bc4 Nf6 3. d4 exd4 4. Nf3 Bb4+ 5. c3 dxc3 6. bxc3 d5 7. exd5 Be7 8.
O-O O-O 9. Bf4 Bg4 10. h3 Bh5 11. Bb3 Bd6 12. Be3 Nbd7 13. Nbd2 Ne5 14. c4 Qe7
15. Bc2 Bxf3 16. Nxf3 Nxc4 17. Bg5 Ne5 18. Nd4 Qd8 19. Nf5 h6 20. Be3 Nc4 21.
Bd4 Be5 22. Re1 Bxd4 23. Qxd4 Nd6 24. Ne3 Re8 25. Qd3 g6 26. Re2 Qd7 27. Qd4
Qd8 28. Rae1 a6 29. f3 Nb5 30. Qb2 Qd6 31. a4 Na3 32. Bb3 b5 33. a5 Rad8 34.
Kf1 Nh5 35. Nf5 Qf8 36. Ne7+ Kh7 37. Kg1 Nc4 38. Bxc4 bxc4 39. Qe5 Rd7 40. Nxg6
Kxg6 41. Qxe8 Qxe8 42. Rxe8 Rxd5 43. R8e5 c6 44. R5e4 Rc5 45. Rg4+ Kf6 46. Ree4
Rxa5 47. Rxc4 c5 48. Rh4 Kg6 49. Rcg4+ Kf6 50. Rxh5 1-0

[Event "Intermat"]
[Site "Vancouver CAN"]
[Date "2018.05.05"]
[Round "1.18"]
[White "Zheng, Victor"]
[Black "Zhang, Kyle"]
[Result "1-0"]
[WhiteElo "1808"]
[BlackElo "1708"]
[PlyCount "81"]
[EventDate "2018.05.05"]
[EventType "team"]
[EventRounds "2"]
[EventCountry "CAN"]

1. Nf3 d5 2. g3 Nf6 3. Bg2 Bf5 4. O-O e6 5. d3 Nbd7 6. Nbd2 Be7 7. Re1 O-O 8.
e4 Bg6 9. Nh4 c6 10. Nxg6 hxg6 11. e5 Ne8 12. d4 c5 13. Nf3 Rc8 14. c3 Nc7 15.
h4 Na8 16. Bg5 Nab6 17. b3 Rc6 18. Bh3 Bxg5 19. Nxg5 Qc7 20. h5 Re8 21. hxg6
fxg6 22. Rc1 Nf8 23. Qd2 Nh7 24. dxc5 Nd7 25. Bxe6+ Rcxe6 26. Nxe6 Rxe6 27.
Qxd5 Nhf8 28. b4 Nxe5 29. f4 Kf7 30. Rxe5 Qd7 31. Qxd7+ Nxd7 32. Rxe6 Kxe6 33.
Rd1 Nf6 34. Rd6+ Ke7 35. Rxf6 gxf6 36. Kf2 Ke6 37. c4 Kd7 38. Ke3 Kc6 39. Ke4
f5+ 40. Kd4 a6 41. a4 1-0

[Event "Intermat"]
[Site "Vancouver CAN"]
[Date "2018.05.05"]
[Round "1.19"]
[White "Chung, Alec"]
[Black "Farny, Andreas"]
[Result "1-0"]
[WhiteElo "1872"]
[BlackElo "1928"]
[PlyCount "63"]
[EventDate "2018.05.05"]
[EventType "team"]
[EventRounds "2"]
[EventCountry "CAN"]

1. c4 c5 2. Nc3 Nc6 3. g3 g6 4. Bg2 Bg7 5. e4 d6 6. Nge2 e6 7. d3 Nge7 8. Be3
O-O 9. Qd2 f5 10. O-O Rf7 11. Rab1 Rb8 12. a3 a6 13. b4 b6 14. d4 cxd4 15. Nxd4
Ne5 16. Qe2 Qc7 17. exf5 gxf5 18. Rfc1 Qxc4 19. Qd1 Ng4 20. Nce2 Nxe3 21. fxe3
Qa2 22. Ra1 Qb2 23. Rc2 Qxa1 24. Qxa1 e5 25. Nc6 Nxc6 26. Rxc6 Rd7 27. Qc1 Rd8
28. Bd5+ Kf8 29. Rc7 Bd7 30. e4 fxe4 31. Qf1+ Ke7 32. Qf7# 1-0

[Event "Intermat"]
[Site "Vancouver CAN"]
[Date "2018.05.05"]
[Round "1.20"]
[White "Yang, Brian"]
[Black "Ranganathan, Ananta"]
[Result "1/2-1/2"]
[WhiteElo "1712"]
[BlackElo "1769"]
[PlyCount "58"]
[EventDate "2018.05.05"]
[EventType "team"]
[EventRounds "2"]
[EventCountry "CAN"]

1. e4 c5 2. Nf3 g6 3. d4 cxd4 4. Nxd4 Nc6 5. Ne2 Nf6 6. Nbc3 Bg7 7. g3 O-O 8.
Bg2 d6 9. O-O Rb8 10. a4 a6 11. f4 Qc7 12. h3 b5 13. axb5 axb5 14. Re1 Bd7 15.
g4 b4 16. Nd5 Nxd5 17. exd5 Na5 18. Nd4 Rfe8 19. Ra2 Nb7 20. Be3 Nc5 21. Qd2 b3
22. cxb3 Nxb3 23. Nxb3 Rxb3 24. Ra7 Rb7 25. Rea1 Reb8 26. Bf1 Rxa7 27. Rxa7 Rb7
28. Ra8+ Rb8 29. Ra7 Rb7 1/2-1/2

[Event "Intermat"]
[Site "Vancouver CAN"]
[Date "2018.05.05"]
[Round "1.21"]
[White "Doknjas, Joshua"]
[Black "Ramasamy, Vikram"]
[Result "1-0"]
[WhiteElo "2257"]
[BlackElo "2175"]
[PlyCount "49"]
[EventDate "2018.05.05"]
[EventType "team"]
[EventRounds "2"]
[EventCountry "CAN"]

1. e4 Nf6 2. e5 Nd5 3. d4 d6 4. c4 Nb6 5. exd6 exd6 6. Nc3 Nc6 7. d5 Ne5 8. f4
Ng6 9. Nf3 Be7 10. Bd3 Nh4 11. Nxh4 Bxh4+ 12. g3 Bf6 13. Be3 g6 14. Qd2 Bh3 15.
O-O-O Qd7 16. c5 dxc5 17. Bb5 c6 18. Ne4 Bg7 19. dxc6 bxc6 20. Qe1 Qc7 21. Bxc5
Be6 22. Nd6+ Kf8 23. Nf5+ Kg8 24. Ne7+ Kf8 25. Nd5+ 1-0

[Event "Intermat"]
[Site "Vancouver CAN"]
[Date "2018.05.05"]
[Round "1.22"]
[White "Su, Michael"]
[Black "Lewis-Sandy, Joshua"]
[Result "0-1"]
[WhiteElo "2009"]
[BlackElo "1944"]
[PlyCount "44"]
[EventDate "2018.05.05"]
[EventType "team"]
[EventRounds "2"]
[EventCountry "CAN"]

1. d4 f5 2. c4 Nf6 3. Nf3 g6 4. g3 Bg7 5. Bg2 O-O 6. O-O d6 7. b3 e5 8. Bb2 e4
9. Nfd2 d5 10. cxd5 Nxd5 11. e3 c5 12. Nc4 Nb4 13. Ba3 N8c6 14. Qd2 Nd3 15. Nc3
cxd4 16. exd4 Rf7 17. Nxe4 fxe4 18. Bxe4 Nxf2 19. Rxf2 Rxf2 20. Kxf2 Qxd4+ 21.
Qxd4 Bxd4+ 22. Kg2 Bxa1 0-1

[Event "Intermat"]
[Site "Vancouver CAN"]
[Date "2018.05.05"]
[Round "1.23"]
[White "Zheng, Maven"]
[Black "Ahluwalia, Anshul"]
[Result "0-1"]
[WhiteElo "1932"]
[BlackElo "1827"]
[PlyCount "80"]
[EventDate "2018.05.05"]
[EventType "team"]
[EventRounds "2"]
[EventCountry "CAN"]

1. d4 Nf6 2. c4 e6 3. Nf3 d5 4. Nc3 Bb4 5. e3 c5 6. Bd3 Nc6 7. O-O Bxc3 8. bxc3
O-O 9. Ba3 dxc4 10. Bxc4 Ne4 11. Qc2 Qa5 12. Qxe4 Qxa3 13. Ng5 g6 14. Qh4 h5
15. g4 Kg7 16. gxh5 cxd4 17. hxg6 Rh8 18. Qf4 f6 19. cxd4 Qe7 20. Nf7 Rh3 21.
Bd3 e5 22. dxe5 Nxe5 23. Bf5 Bxf5 24. Qxf5 Nf3+ 25. Kg2 Nh4+ 26. Kxh3 Nxf5 27.
Rg1 Nd6 28. Nxd6 Qxd6 29. Rg3 Rh8+ 30. Kg2 Qd5+ 31. Kg1 Rh6 32. Rc1 Qd6 33. Rb1
b6 34. Rc1 Rxg6 35. a4 Rxg3+ 36. hxg3 a6 37. Rb1 Qc6 38. Ra1 b5 39. axb5 axb5
40. Rb1 Qc4 0-1

[Event "Intermat"]
[Site "Vancouver CAN"]
[Date "2018.05.05"]
[Round "1.24"]
[White "Li, Kevin"]
[Black "Hua, Tian"]
[Result "1-0"]
[WhiteElo "1851"]
[BlackElo "1240"]
[PlyCount "63"]
[EventDate "2018.05.05"]
[EventType "team"]
[EventRounds "2"]
[EventCountry "CAN"]

1. e4 d6 2. d4 Nf6 3. Nc3 g6 4. f4 Bg7 5. Nf3 O-O 6. Bd3 c6 7. O-O b5 8. e5 Ne8
9. Qe1 a5 10. Ne2 b4 11. Ng3 dxe5 12. fxe5 h6 13. h4 Ba6 14. Be4 Bxf1 15. Qxf1
h5 16. c3 Qc8 17. Nh2 e6 18. Bg5 Ra7 19. Qe2 Nc7 20. Rf1 Nb5 21. Qe3 f5 22.
exf6 Rxf6 23. Bxf6 Bxf6 24. Rxf6 Rg7 25. Rxg6 Rxg6 26. Bxg6 Qd7 27. Nxh5 Kf8
28. Qf4+ Ke7 29. Qxb8 bxc3 30. bxc3 Nxc3 31. Qe5 a4 32. Qc5+ 1-0

[Event "Intermat"]
[Site "Vancouver CAN"]
[Date "2018.05.05"]
[Round "1.25"]
[White "Li, James"]
[Black "Taylor, Thomas"]
[Result "1-0"]
[WhiteElo "2003"]
[BlackElo "1909"]
[PlyCount "79"]
[EventDate "2018.05.05"]
[EventType "team"]
[EventRounds "2"]
[EventCountry "CAN"]

1. c4 Nf6 2. Nc3 g6 3. e4 d6 4. d4 Bg7 5. f4 c5 6. d5 e6 7. Nf3 exd5 8. cxd5
O-O 9. Bd3 a6 10. a4 Re8 11. O-O Bg4 12. h3 Bxf3 13. Qxf3 Nbd7 14. g4 Qb6 15.
a5 Qc7 16. Be3 b5 17. axb6 Nxb6 18. Bxa6 Nfxd5 19. e5 Nxe3 20. Qxe3 dxe5 21. f5
f6 22. fxg6 hxg6 23. Qe4 Qf7 24. Qc6 Re6 25. Qxc5 Bf8 26. Qf2 Nd7 27. Qe2 Bc5+
28. Kh1 Nb6 29. Ne4 Bd4 30. Ng5 fxg5 31. Rxf7 Kxf7 32. Rf1+ Kg7 33. Qf3 Rd6 34.
Qb7+ Rd7 35. Qc6 Rxa6 36. Rf6 Ra1+ 37. Kg2 Be3 38. Rxg6+ Kf8 39. Qf6+ Rf7 40.
Qd8# 1-0

[Event "Intermat"]
[Site "Vancouver CAN"]
[Date "2018.05.05"]
[Round "1.26"]
[White "Zhu, Brandon"]
[Black "Liu, Nathan"]
[Result "1-0"]
[WhiteElo "2053"]
[BlackElo "1841"]
[PlyCount "79"]
[EventDate "2018.05.05"]
[EventType "team"]
[EventRounds "2"]
[EventCountry "CAN"]

1. Nf3 Nf6 2. e3 c5 3. b3 Nc6 4. Bb2 d5 5. Bb5 Bg4 6. h3 Bh5 7. g4 Bg6 8. Bxc6+
bxc6 9. d4 cxd4 10. exd4 Ne4 11. O-O h5 12. Ne5 Qd6 13. Nc3 Nxc3 14. Bxc3 hxg4
15. Qxg4 Bh5 16. Qg2 Rh6 17. Bd2 Rf6 18. Bg5 Rf5 19. Bh4 f6 20. Ng4 Qb4 21. c4
Rf4 22. cxd5 f5 23. Bg3 Rxd4 24. Ne5 Rxd5 25. Nxc6 Qb5 26. Rac1 g5 27. Nd4 Qa5
28. b4 Qd8 29. Ne6 Qd7 30. Nc7+ Kf7 31. Qxd5+ Qxd5 32. Nxd5 e6 33. Nc7 Rd8 34.
b5 f4 35. Bh2 Be2 36. Rfe1 f3 37. Be5 Ba3 38. Rc6 Rh8 39. Bxh8 Bb4 40. Bc3 1-0